Cuauhtémoc en el siglo XIX / (Record no. 145815)
[ view plain ]
| 000 -LEADER | |
|---|---|
| fixed length control field | nam a22 7a 4500 |
| 005 - DATE AND TIME OF LATEST TRANSACTION | |
| control field | 20181127095301.0 |
| 008 - FIXED-LENGTH DATA ELEMENTS--GENERAL INFORMATION | |
| fixed length control field | 181127b mx ||||| |||| 00| 0 spa d |
| 050 04 - LIBRARY OF CONGRESS CALL NUMBER | |
| Classification number | F1219.75.C83 |
| Item number | G37 1977 |
| 100 1# - MAIN ENTRY--PERSONAL NAME | |
| Personal name | García Quintana, Josefina |
| 245 10 - TITLE STATEMENT | |
| Title | Cuauhtémoc en el siglo XIX / |
| Statement of responsibility, etc | Josefina García Quintana |
| 250 ## - EDITION STATEMENT | |
| Edition statement | 1a ed. |
| 260 ## - PUBLICATION, DISTRIBUTION, ETC. (IMPRINT) | |
| Place of publication, distribution, etc | México : |
| Name of publisher, distributor, etc | UNAM, Instituto de Investigaciones Históricas, |
| Date of publication, distribution, etc | 1977 |
| 300 ## - PHYSICAL DESCRIPTION | |
| Extent | 135 p. ; |
| Dimensions | 23 cm. |
| 490 0# - SERIES STATEMENT | |
| Series statement | Dictámenes Ichcateopan ; |
| Volume number/sequential designation | 1 |
| 504 ## - BIBLIOGRAPHY, ETC. NOTE | |
| Bibliography, etc | Bibliografía : p.129-135. e índice. |
| 600 1# - SUBJECT ADDED ENTRY--PERSONAL NAME | |
| Personal name | Cuauhtémoc, |
| Titles and other words associated with a name | Emperador de México, |
| Dates associated with a name | 1495?-1525 |
| 650 #7 - SUBJECT ADDED ENTRY--TOPICAL TERM | |
| Source of heading or term | lemb |
| Topical term or geographic name as entry element | Aztecas |
| General subdivision | Historiografía |
| 651 #7 - SUBJECT ADDED ENTRY--GEOGRAPHIC NAME | |
| Source of heading or term | lemb |
| Geographic name | México |
| General subdivision | Historia |
| Chronological subdivision | Conquista, 1519-1540 |
| 942 ## - ADDED ENTRY ELEMENTS (KOHA) | |
| Source of classification or shelving scheme | Biblioteca del Cogreso de los Estados Unidos |
| Koha item type | Libro |
| Estado de pérdida | Fuente de clasificación | Estado del daño | No para préstamo | Ubicación permanente | Ubicación actual | Apartado o colección | Fecha de adquisición | Área del conocimiento | Clasificación | Código de Barras | Date last seen | Número de copia | Tipo de recurso | Nota pública | Edición | Dependencia de educación superior (DES) | Costo por reposición |
|---|---|---|---|---|---|---|---|---|---|---|---|---|---|---|---|---|---|
| Biblioteca del Cogreso de los Estados Unidos | Consulta | Biblioteca de la Facultad de Filosofía | Biblioteca de la Facultad de Filosofía | Fondo "Luis Villoro" | 09/03/2020 | Educación y Humanidades | F1230.C96 G37 1977 | BFF000034655 | 09/03/2020 | C:1 | Libro | 1a ed. | 1.00 | ||||
| Biblioteca del Cogreso de los Estados Unidos | Biblioteca de la Preparatoria Isaac Arriaga | Biblioteca de la Preparatoria Isaac Arriaga | General | 12/02/2019 | Ciencias Sociales y Administrativas | F 1230.C 96 G3 1977 | PIA000002394 | 12/02/2019 | C:1 | Libro | 1a.ed. | Nivel Medio Superior | |||||
| Biblioteca del Cogreso de los Estados Unidos | Biblioteca del Instituto de Investigaciones Históricas | Biblioteca del Instituto de Investigaciones Históricas | General | 27/11/2018 | Ciencias Sociales y Administrativas | F1219.75.C83 G37 1977 | IIH000023494 | 27/11/2018 | C:1 | Libro | GENERAL |